000 01968nam a2200313 a 4500
001 BRCA_8625
005 20190320210341.0
008 210916s1771----mx-#######---#000-0#spa-#
041 _aspa
044 _amx
050 4 _aCJ14625
_b.O73
_c1771
245 1 0 _aOrdenanzas para el govierno de la labor de monedas que se fabricaren en la real casa de moneda de Mexico y demas de las indias en quanto fueren adaptables a esta
_bministros oficiales y operarios que se han de ocupar sueldos que han de gozar encargos y obligaciones de cada uno derechos que se señalan para costear las labores de las monedas ensayes que han de hacerle de ellas y de las barras y piezas de oro y plata con lo demas que ha se observarse.
260 _aMéxico
_bImprenta del Br. joseph antonio de hogal
_c1771
300 _a1 vol. (con varias paginaciones)
_c28 cm
500 _aFondo antiguo
500 _aSe encuentra en Caja Fuerte
500 _aW-28
500 _aCon Ex-libris de: Franz Mayer
500 _aEscudo en portada
500 _aIncluye índice de los capítulos que se contienen en estas ordenanzas
500 _aTexto impreso a dos columnas
500 _aEstado físico: se observan manchas en algunas páginas del documento
500 _aNota de encuadernación: piel sobre cartón, con ornamentos en dorados en las tapas
505 0 _aContiene: ordenanzas para el manejo y gobierno del apartado general de oro y plata en su nueva planta de cuenta del S. M. presenta al Exmo. señor Virrey de Nueva España Don Martin de Mayorga. El super intendete de la Real Casa de Moneda de México D. Fernando Joseph Mangino, año de 1789.-- Reglamento u ordenanzas de ensayadores formadas en virtud de lo mandado por el Excmo. Señor Don Matías Galvez, año de 1789
506 0 _aFondo reservado: para su consulta es necesario credencial de usuario y carta de motivos
650 1 4 _aReal Casa de Moneda
_eHistoria
_zMéxico
_921540
902 _aLAR
942 _2lcc
_cB
999 _c8285
_d8285